[Event "POL-chT 2nd League"]
[Site "Jastrzebia Gora"]
[Date "2024.09.05"]
[Round "6.11"]
[White "Ciszewski, Krzysztof"]
[Black "Bartkowiak, Damian"]
[Result "1-0"]
[WhiteElo "2090"]
[BlackElo "2027"]
[PlyCount "75"]
[EventDate "2024.08.31"]
[EventType "team-swiss"]
[EventRounds "9"]
[EventCountry "POL"]
[SourceTitle "EXT 2025"]
[Source "ChessBase"]
[SourceDate "2024.10.14"]
[SourceVersion "1"]
[SourceVersionDate "2024.10.14"]
[SourceQuality "1"]
[WhiteTeam "Bialystok Stoczek 45"]
[BlackTeam "Zakrzewo Korona"]
[WhiteTeamCountry "POL"]
[BlackTeamCountry "POL"]

1. d4 f5 2. c4 Nf6 3. Nc3 g6 4. h4 Bg7 5. h5 c5 6. d5 Nxh5 7. e4 0-0 8. exf5 Rxf5 9. g4 Re5+ 10. Be2 Nf6 11. Nf3 Nxg4 12. Nxe5 Nxe5 13. Bh6 Bh8 14. Qd2 d6 15. 0-0-0 Bf5 16. f4 Nf7 17. Bd3 Nxh6 18. Rxh6 Bg7 19. Rh2 Qf8 20. Rdh1 h6 21. Bxf5 Qxf5 22. Qe3 Nd7 23. Qxe7 Qxf4+ 24. Kb1 Nf6 25. Rh4 Qf5+ 26. Ka1 g5 27. R4h2 Re8 28. Qxd6 Ng4 29. Rd2 Ne3 30. Qxc5 Nc2+ 31. Kb1 Ne3+ 32. Kc1 Qf4 33. d6 Nxc4 34. Qd5+ Kh8 35. d7 Rd8 36. Re1 Bf6 37. Re8+ Kg7 38. Qg8# 1-0

[Event "POL-chT 2nd League"]
[Site "Jastrzebia Gora"]
[Date "2023.09.04"]
[Round "3.94"]
[White "Pietrzak, Tomasz1"]
[Black "Bartkowiak, Damian"]
[Result "1-0"]
[WhiteElo "1786"]
[BlackElo "2074"]
[PlyCount "115"]
[EventDate "2023.09.02"]
[EventType "team-swiss"]
[EventRounds "9"]
[EventCountry "POL"]
[SourceTitle "CBM 216 Extra"]
[Source "ChessBase"]
[SourceDate "2023.11.30"]
[SourceVersion "1"]
[SourceVersionDate "2023.11.30"]
[SourceQuality "1"]
[WhiteTeam "Myslenice MAT"]
[BlackTeam "Zakrzewo Korona"]
[WhiteTeamCountry "POL"]
[BlackTeamCountry "POL"]

1. Nf3 f5 2. d3 g6 3. e4 d6 4. Nc3 Bg7 5. h4 h6 6. d4 Nf6 7. Bd3 Nc6 8. exf5 gxf5 9. d5 Nb4 10. Nd4 c6 11. Nxf5 Bxf5 12. Bxf5 Nbxd5 13. Bg6+ Kd7 14. Nxd5 cxd5 15. Qe2 Qb6 16. Rh3 d4 17. Rb3 Qc6 18. Bf5+ Kd8 19. Qe6 Rf8 20. Bd2 a5 21. 0-0-0 d5 22. Re1 Ne4 23. f3 a4 24. Rb6 Qxe6 25. Bxe6 Nxd2 26. Kxd2 a3 27. b3 Kc7 28. Rb5 Bf6 29. Bxd5 Bxh4 30. Re6 Ra7 31. Kd3 Bf6 32. Reb6 Rb8 33. g4 Rc8 34. Rxb7+ Rxb7 35. Rxb7+ Kd6 36. Bc4 Ke5 37. Rb5+ Kf4 38. Rf5+ Kg3 39. Ke4 Rd8 40. Ra5 Rf8 41. Rxa3 Bg7 42. b4 Rf4+ 43. Kd5 Bf8 44. Rb3 d3 45. cxd3 Rxf3 46. b5 e6+ 47. Kc6 Rf6 48. b6 e5+ 49. Kd7 Bd6 50. Be6 Bb8 51. a4 Kf4 52. a5 e4 53. dxe4 h5 54. a6 Rh6 55. gxh5 Rxh5 56. Kc8 Rh8+ 57. Kb7 Ke5 58. Bc8 1-0

[Event "POL-chT 2nd League"]
[Site "Poronin"]
[Date "2020.09.13"]
[Round "9.15"]
[White "Bartkowiak, Damian"]
[Black "Kowalec, Maciej"]
[Result "0-1"]
[WhiteElo "2088"]
[BlackElo "2092"]
[PlyCount "118"]
[EventDate "2020.09.05"]
[EventType "team-swiss"]
[EventRounds "9"]
[EventCountry "POL"]
[SourceTitle "CBM 198 Extra"]
[Source "ChessBase"]
[SourceDate "2020.11.30"]
[SourceVersion "1"]
[SourceVersionDate "2020.11.30"]
[SourceQuality "1"]
[WhiteTeam "Zakrzewo Korona"]
[BlackTeam "Minsk Mazowiecki MTSz"]
[WhiteTeamCountry "POL"]
[BlackTeamCountry "POL"]

1. d4 d5 2. c4 e6 3. Nc3 Nf6 4. Nf3 Be7 5. g3 dxc4 6. Bg2 c5 7. Qa4+ Nbd7 8. 0-0 0-0 9. Qxc4 a6 10. dxc5 Bxc5 11. Qb3 Qe7 12. Rd1 h6 13. Nd4 Nb6 14. Qc2 Bxd4 15. Rxd4 e5 16. Rd1 Be6 17. Ne4 Nfd5 18. Qc5 Rfd8 19. Qxe7 Nxe7 20. Be3 Nbd5 21. Bc5 b6 22. Ba3 f5 23. Nd6 e4 24. g4 g6 25. gxf5 gxf5 26. Bh3 Nf4 27. Bf1 Ra7 28. e3 Nfg6 29. Nxf5 Rxd1 30. Nxe7+ Rxe7 31. Rxd1 Rg7 32. Rd8+ Kh7 33. Bd6 Ne5+ 34. Kh1 Nf7 35. Rb8 Nxd6 36. Rxb6 Bg4 37. h3 Bf3+ 38. Kh2 Nf5 39. Rf6 Nh4 40. Rxa6 Bd1 41. Kh1 Bf3+ 42. Kh2 Bh5 43. Kh1 Rd7 44. Kh2 Rd2 45. Bc4 Nf5 46. Rf6 Nxe3 47. Bb3 Bf3 48. Kg1 Nd1 49. Bxd1 Rxd1+ 50. Kh2 Rd2 51. Kg3 Rxb2 52. Ra6 h5 53. h4 Rb1 54. a4 Rg1+ 55. Kh3 Rg2 56. Rb6 Rxf2 57. Kg3 Ra2 58. Rb4 Kg6 59. Kf4 Kf6 0-1

[Event "POL-chT 2nd League"]
[Site "Poronin"]
[Date "2020.09.05"]
[Round "1.16"]
[White "Bartkowiak, Damian"]
[Black "Kakowski, Wojciech"]
[Result "1-0"]
[WhiteElo "2088"]
[BlackElo "1409"]
[PlyCount "49"]
[EventDate "2020.09.05"]
[EventType "team-swiss"]
[EventRounds "9"]
[EventCountry "POL"]
[SourceTitle "CBM 198 Extra"]
[Source "ChessBase"]
[SourceDate "2020.11.30"]
[SourceVersion "1"]
[SourceVersionDate "2020.11.30"]
[SourceQuality "1"]
[WhiteTeam "Zakrzewo Korona"]
[BlackTeam "Siedlce KSz Skoczek"]
[WhiteTeamCountry "POL"]
[BlackTeamCountry "POL"]

1. d4 d5 2. e3 Nf6 3. f4 c5 4. Nf3 Nc6 5. c3 cxd4 6. exd4 Bg4 7. Bd3 e6 8. 0-0 Qc7 9. Qe1 Bxf3 10. Rxf3 Bd6 11. Na3 a6 12. b4 0-0 13. Rh3 Ne7 14. Bxh7+ Nxh7 15. Qh4 f6 16. Bd2 Nf5 17. Qxh7+ Kf7 18. Qh5+ Kg8 19. g4 Ne7 20. g5 Bxf4 21. Qh7+ Kf7 22. gxf6 Bxd2 23. Rf1 Nf5 24. Rxf5 Rg8 25. Qh5+ 1-0

[Event "Poznan op 27th"]
[Site "Poznan"]
[Date "2019.08.19"]
[Round "3"]
[White "Bartkowiak, Damian"]
[Black "Pawlowski, Rafal"]
[Result "1-0"]
[WhiteElo "2114"]
[BlackElo "1818"]
[PlyCount "57"]
[EventDate "2019.08.18"]
[EventType "swiss"]
[EventRounds "9"]
[EventCountry "POL"]
[SourceTitle "EXT 2020"]
[Source "ChessBase"]
[SourceDate "2019.10.17"]
[SourceVersion "1"]
[SourceVersionDate "2019.10.17"]
[SourceQuality "1"]

1. d4 d5 2. c4 c6 3. Nf3 Nf6 4. g3 e6 5. Bg2 Bd6 6. Qd3 Ne4 7. 0-0 0-0 8. Nfd2 f5 9. f3 Nf6 10. e4 dxe4 11. fxe4 e5 12. exf5 Bc5 13. Nb3 Bxd4+ 14. Nxd4 Qxd4+ 15. Qxd4 exd4 16. h3 c5 17. g4 Nc6 18. Bf4 Rd8 19. Nd2 Bd7 20. g5 Ne8 21. Bg3 Rac8 22. Rae1 Nc7 23. Ne4 b6 24. Nd6 Ra8 25. f6 Rf8 26. Bxc6 Bxc6 27. Re7 Ne6 28. Rxg7+ Kh8 29. Be5 1-0

[Event "POL-chT 2nd League"]
[Site "Jastrzebia Gora"]
[Date "2018.09.01"]
[Round "1.5"]
[White "Bartkowiak, Damian"]
[Black "Kowalak, Piotr"]
[Result "1/2-1/2"]
[WhiteElo "2148"]
[BlackElo "2110"]
[PlyCount "39"]
[EventDate "2018.09.01"]
[EventType "team-swiss"]
[EventRounds "9"]
[EventCountry "POL"]
[SourceTitle "CBM 186 Extra"]
[Source "ChessBase"]
[SourceDate "2018.08.24"]
[SourceVersion "1"]
[SourceVersionDate "2018.08.24"]
[SourceQuality "1"]
[WhiteTeam "Zakrzewo Korona"]
[BlackTeam "Legnica Miedz"]
[WhiteTeamCountry "POL"]
[BlackTeamCountry "POL"]

1. d4 Nf6 2. c4 e6 3. Nf3 Bb4+ 4. Bd2 a5 5. Qc2 d6 6. Nc3 Nc6 7. 0-0-0 Qe7 8. d5 Nb8 9. Nd4 Na6 10. g3 Bxc3 11. Bxc3 exd5 12. Bg2 dxc4 13. Qa4+ Bd7 14. Qxc4 Nc5 15. Nb3 Be6 16. Qb5+ Bd7 17. Qc4 Be6 18. Qb5+ Bd7 19. Qc4 Be6 20. Qb5+ 1/2-1/2

[Event "POL-chT3 Wielkopolskie 1415"]
[Site "Poland"]
[Date "2015.02.01"]
[Round "6.3"]
[White "Purzycki, Jan Dawid"]
[Black "Bartkowiak, Damian"]
[Result "1/2-1/2"]
[WhiteElo "2039"]
[BlackElo "2138"]
[PlyCount "22"]
[EventDate "2014.11.30"]
[EventType "team-tourn"]
[EventRounds "11"]
[EventCountry "POL"]
[SourceTitle "EXT 2019"]
[Source "ChessBase"]
[SourceDate "2018.10.10"]
[SourceVersion "1"]
[SourceVersionDate "2018.10.10"]
[SourceQuality "1"]

1. c4 c5 2. Nf3 Nc6 3. d4 cxd4 4. Nxd4 g6 5. e4 Qb6 6. Nb3 Bg7 7. Nc3 d6 8. Be3 Qc7 9. Rc1 Nf6 10. Be2 0-0 11. f3 b6 1/2-1/2

[Event "Barcelona Sants op 16th"]
[Site "Barcelona"]
[Date "2014.08.27"]
[Round "6"]
[White "Gonzalez Rodriguez, Jorge Armando"]
[Black "Bartkowiak, Damian"]
[Result "1-0"]
[WhiteElo "2382"]
[BlackElo "2133"]
[PlyCount "65"]
[EventDate "2014.08.22"]
[EventType "swiss"]
[EventRounds "10"]
[EventCountry "ESP"]
[SourceTitle "CBM 162 Extra"]
[Source "ChessBase"]
[SourceDate "2014.10.17"]
[SourceVersion "1"]
[SourceVersionDate "2014.10.17"]
[SourceQuality "1"]

1. b3 d5 2. Bb2 c6 3. g3 Nd7 4. Bg2 e5 5. c4 dxc4 6. bxc4 Bc5 7. e3 Ngf6 8. d4 Qb6 9. Qd2 Bb4 10. Nc3 0-0 11. Nge2 Qa6 12. c5 exd4 13. exd4 Re8 14. 0-0 Ne4 15. Qc2 Nxc3 16. Nxc3 Bxc3 17. Qxc3 Nf6 18. d5 cxd5 19. Bxd5 Be6 20. Bg2 Rac8 21. Rfd1 Qb5 22. Rdc1 Re7 23. a4 Qa6 24. Qb4 Nd5 25. Bxd5 Bxd5 26. c6 Re4 27. Qd2 bxc6 28. Qg5 g6 29. Qf6 Kf8 30. Re1 Rce8 31. Rxe4 Bxe4 32. Re1 Qa5 33. Qg7+ 1-0

[Event "Barcelona Sants op 16th"]
[Site "Barcelona"]
[Date "2014.08.25"]
[Round "4"]
[White "Bartkowiak, Damian"]
[Black "Baches Garcia, Guillermo"]
[Result "0-1"]
[WhiteElo "2133"]
[BlackElo "2377"]
[PlyCount "46"]
[EventDate "2014.08.22"]
[EventType "swiss"]
[EventRounds "10"]
[EventCountry "ESP"]
[SourceTitle "CBM 162 Extra"]
[Source "ChessBase"]
[SourceDate "2014.10.17"]
[SourceVersion "1"]
[SourceVersionDate "2014.10.17"]
[SourceQuality "1"]

1. d4 Nf6 2. Nf3 e6 3. c4 c5 4. d5 b5 5. Bg5 exd5 6. cxd5 d6 7. e3 a6 8. a4 b4 9. Bc4 Be7 10. Qd3 h6 11. Bh4 g5 12. Bg3 Nh5 13. Nbd2 Nxg3 14. hxg3 Bf6 15. 0-0-0 Bg7 16. e4 Nd7 17. e5 Nxe5 18. Nxe5 Bxe5 19. Rde1 Kf8 20. Re2 Kg7 21. Rf1 Bg4 22. f3 Bh5 23. Ne4 Bg6 0-1